000
00304nam a2200097Ia 4500
008
220204s9999 xx 000 0 und d
082
_a
312(540)
_b
CEN.1
245
0
_a
Census of India 1991. Series 1. Paper 1 of 1992. V 1 .Final population totals..
260
_a
Delhi
_b
Min of Home Affairs
_c
1992
942
_c
BK
999
_c
40637
_d
40637